Zaklęcia z serii o Harrym Potterze - Statystyki

Ogólne statystyki
  • Ten quiz został rozwiązany 1 623 razy
  • Średni wynik to 11 z 20
Statystyki odpowiedzi
Hint Odpowiedź % Poprawnych
zaklęcie niewybaczalne, za jego sprawą uśmiercić można żywą istotę Avada Kedavra
90%
zaklęcie niewybaczalne służące do przejmowania kontroli nad innym stworzeniem Crucio
88%
powoduje wydobywanie się światła z końca różdżki Lumos
85%
otwiera różne rzeczy, głównie zamki itp. Alohomora
83%
zaklęcie obronne, używane do wyczarowania patronusa Expecto Patronum
83%
naprawia zepsute lub zniszczone przedmioty Reparo
77%
sprawia, że dany przedmiot przylatuje do osoby rzucającej zaklęcie Accio
75%
unosi wskazany obiekt Wingardium Leviosa
66%
rozbraja przeciwnika odrzucając go lub jego różdżkę Expelliarmus
65%
gasi zaklęcie wyżej Nox
62%
zaklęcie niewybaczalne służące do zadawania bólu Imperius
61%
zaklęcie powodujące małą eksplozję obiektu wskazanego różdżką Bombarda
59%
powoduje rozległe i głębokie rany na ciele, jest zaklęciem czarnomagicznym Sectumsempra
58%
zamienia bogina w to coś zabawnego, o czym pomyśli rzucający czar Riddiculus
56%
zaklęcie, które powoduje zamrożenie i pełne porażenie ciała przeciwnika Petrificus Totalus
41%
zamienia zwierzę w puchar na wodę Vera Verto
33%
niszczy nawet duże obiekty, mieląc je na proch Reducto
27%
zmienia działanie przedmiotów lub dezorientuje osoby Confundus
19%
wywołuje retrospekcję zaklęć danej różdżki Priori Incantatem
14%
na krótki okres spowalnia (zamraża) cel Immobilus
7%
Nie znaleziono quizów pasujących do podanych kryteriów
Rozkład punktacji
Procent ludzi z każdym wynikiem
Percentyl według liczby udzielonych odpowiedzi
Twoja historia wyników
Nie rozwiązałeś tego quizu